00357nam a2200145Ia 4500008004100000041000800041082001400049100001700063245002800080250000800108260004100116300001100157542001500168650002800183220531s9999 xx 000 0 und d aeng bQUA / TAT aTatke, J. V. aQuantitative Techniques a2ND aPunebMrs. Anjali Jayant Tatkec2012 aQT-272 d09-01-2018 aQuantitative Techniques